[Event "Wch U12"]
[Site "Cannes"]
[Date "1997.??.??"]
[Round "8"]
[White "Gashimov, Vugar"]
[Black "Bartel, Mateusz"]
[Result "1/2-1/2"]
[WhiteElo "2255"]
[BlackElo "2135"]

1.e4 e6 2.d4 d5 3.Nc3 Bb4 4.Bd3 dxe4 5.Bxe4 Nf6 6.Bf3 c5 7.a3 Bxc3+ 8.bxc3 Nc6
9.Ne2 e5 10.Bxc6+ bxc6 11.O-O exd4 12.cxd4 O-O 13.Qd3 a5 14.Rd1 Ba6 15.c4 cxd4
16.Nxd4 Qc7 17.Bg5 Ng4 18.Qh3 Bc8 19.Qg3 Qxg3 20.hxg3 c5 21.Nb3 Be6 22.Rac1 Rfc8
23.Be7 Ne5 24.Nxc5 Bxc4 25.f4 Nc6 26.Bd6 Be2 27.Rd2 Bg4 28.Na4 Na7 29.Bc7 Rf8
30.Nb6 Rae8 31.Nd5 Ra8 32.Bxa5 Nb5 33.Bb4 Rfe8 34.Rc5 Nd6 35.Nc7 Ne4 36.Nxe8 Nxd2
37.Rg5 Rxe8 38.Rxg4 Ne4 39.f5 h5 40.Rf4 Nxg3 41.Kh2 Ne4 42.a4 Nf6 43.Rd4 Ng4+
44.Kh3 Ne3 45.a5 Nxf5 46.Rd5 g6 47.a6 Re4 48.Rxf5 Rxb4 49.Ra5 Rb8 50.a7 Ra8
51.g4  1/2-1/2

[Event "Wch U12"]
[Site "Cannes"]
[Date "1997.??.??"]
[Round "9"]
[White "Gashimov, Vugar"]
[Black "Navara, David"]
[Result "1-0"]
[WhiteElo "2255"]
[BlackElo "2100"]

1.e4 c5 2.Nf3 d6 3.d4 cxd4 4.Qxd4 a6 5.Be3 Nf6 6.Nc3 Nc6 7.Qb6 Qxb6 8.Bxb6 g6
9.Nd5 Nxd5 10.exd5 Nb4 11.O-O-O Bf5 12.c3 Rc8 13.a3 Bh6+ 14.Be3 Bxe3+ 15.fxe3 Na2+
16.Kd2 Be4 17.Ra1 Nxc3 18.bxc3 Bxd5 19.Bd3 O-O 20.e4 Be6 21.Rhb1 b5 22.a4 f5
23.exf5 Bxf5 24.axb5 Bxd3 25.Kxd3 axb5 26.Rxb5 Rc7 27.Rf1 Kg7 28.Nd2 Rfc8
29.Ne4 Kg8 30.Rfb1 Kf8 31.Rb8 Rxb8 32.Rxb8+ Kg7 33.Ng5 Ra7 34.Rb2 Ra5 35.Ne6+ Kf6
36.Re2 Rh5 37.h3 Rf5 38.Nd4 Rd5 39.Rf2+ Kg7 40.c4 Ra5 41.Ne6+ Kh6 42.Rf4 g5
43.Re4 d5 44.cxd5 Rxd5+ 45.Kc4 Rd2 46.Rg4 Ra2 47.Kb3 Ra5 48.Kc4 Kg6 49.Nf4+ Kf5
50.Nd5 e6 51.Ne3+ Kf6 52.Kd3 Ra2 53.Rc4 h5 54.Ke4 Rf2 55.Rc8 Kg7 56.Re8 Kf7
57.Rh8 Rf4+ 58.Ke5 Rh4 59.Rh6 g4 60.hxg4  1-0

[Event "Kasparov Cup"]
[Site "Moscow"]
[Date "1997.??.??"]
[Round "?"]
[White "Sargissian, Gabriel"]
[Black "Gashimov, Vugar"]
[Result "1/2-1/2"]
[WhiteElo "2335"]
[BlackElo "2255"]

1.e4 c5 2.Nf3 d6 3.d4 cxd4 4.Nxd4 Nf6 5.Nc3 a6 6.Be2 e6 7.f4 Be7 8.O-O O-O
9.Bf3 Qc7 10.Be3 Nc6 11.Kh1 Rb8 12.g4 Nxd4 13.Bxd4 b5 14.a3 Bb7 15.Qe2 Qc4
16.Qf2 Rbc8 17.Rae1 Rfe8 18.g5 Nd7 19.Bg2 a5 20.f5 e5 21.Be3 b4 22.axb4 axb4
23.Nd5 Bxd5 24.exd5 f6 25.g6 h6 26.Re2 Bd8 27.b3 Qb5 28.Qe1 Be7 29.Qd2 Bf8
30.Rf3 Rc3 31.Rg3 Rec8 32.Be4 Nc5 33.Bxc5 R3xc5 34.Bd3 Qb7 35.Be4 Ra8 36.Rg1 Ra2
37.Rb1 Rca5 38.Ree1 Qb6 39.Rec1 Ra7 40.Kg2 Be7 41.Kf3 Bd8 42.Qe3 Qxe3+ 43.Kxe3 Bb6+
44.Kd3 Bd4  1/2-1/2

[Event "Kasparov Cup"]
[Site "Moscow"]
[Date "1997.??.??"]
[Round "?"]
[White "Gaprindashvili, Valerian"]
[Black "Gashimov, Vugar"]
[Result "1-0"]
[WhiteElo "2245"]
[BlackElo "2255"]

1.d4 Nf6 2.g3 d5 3.Bg2 Bf5 4.c4 c6 5.Nc3 e6 6.Nf3 h6 7.O-O Nbd7 8.b3 Bd6
9.Bb2 O-O 10.Nd2 Qe7 11.Qc1 e5 12.dxe5 Nxe5 13.cxd5 cxd5 14.Bxd5 Rac8 15.Bg2 Rfd8
16.a3 Bb8 17.Rd1 Rd6 18.Nf3 Nxf3+ 19.Bxf3 Rxd1+ 20.Qxd1 Be5 21.Rc1 Rd8 22.Qe1 Qe6
23.Rd1 Rc8 24.e4 Qxb3 25.exf5 Qxb2 26.Qxe5 Qxc3 27.Qxc3 Rxc3 28.Rd8+ Kh7
29.Bxb7 Rxa3 30.Rf8 Ng4 31.Bd5 Ne5 32.Re8 Nf3+ 33.Kg2 Ng5 34.h4 Rd3 35.Ba8 f6
36.hxg5 hxg5 37.Bf3 g4 38.Bxg4 g5 39.Re7+  1-0

[Event "Kasparov Cup"]
[Site "Moscow"]
[Date "1997.??.??"]
[Round "?"]
[White "Gashimov, Vugar"]
[Black "Petrov, Anton"]
[Result "1-0"]
[WhiteElo "2255"]
[BlackElo "2375"]

1.e4 d5 2.exd5 Nf6 3.d4 Nxd5 4.c4 Nb6 5.Nc3 e5 6.d5 Bc5 7.Nf3 O-O 8.Be2 Qe7
9.O-O e4 10.Nd4 f5 11.Nb3 Bd6 12.f4 Na6 13.Be3 Nc5 14.Qd2 a5 15.Nb5 Nxb3
16.axb3 Bc5 17.Kh1 Ra6 18.Rfd1 Na8 19.Bxc5 Qxc5 20.Qd4 Qxd4 21.Nxd4 c5 22.dxc6 bxc6
23.c5 Ra7 24.Nxc6 Rc7 25.Rd6 h6 26.b4 Bd7 27.Ne7+ Kh7 28.Nd5 Ra7 29.Rxa5  1-0

[Event "Kasparov Cup"]
[Site "Moscow"]
[Date "1997.??.??"]
[Round "?"]
[White "Gashimov, Vugar"]
[Black "Riazantsev, Alexander"]
[Result "1/2-1/2"]
[WhiteElo "2255"]
[BlackElo "2330"]

1.e4 e6 2.d4 d5 3.Nc3 Nc6 4.Nf3 Nf6 5.Bg5 Be7 6.Bxf6 Bxf6 7.e5 Be7 8.Bd3 b6
9.Ne2 Nb4 10.O-O Nxd3 11.Qxd3 Qd7 12.c3 Bb7 13.Ne1 O-O-O 14.Nc2 Kb8 15.f4 g6
16.b4 Bc6 17.a4 Bxa4 18.Qa6 b5 19.Ne1 Qc8 20.Qxc8+ Rxc8 21.Nd3 Bb3 22.Kf2 Bc4
23.Ke3 Kb7 24.Nb2 Ra8 25.Nxc4 bxc4 26.Ra5 c6 27.Rfa1 a6 28.Nc1 Bd8 29.R5a3 Bb6
30.R3a2 Ra7 31.Rb1 Kc7 32.Rab2 Kb8 33.g4 Rb7 34.Kd2 a5 35.Na2 Kc8 36.Kc1 Kc7
37.Kc2 Ra8 38.bxa5 Rxa5 39.f5 exf5 40.gxf5 gxf5 41.Rf1 c5 42.Rxf5 Kc8 43.dxc5 Bxc5
44.Rxb7 Kxb7 45.Rxf7+ Kc6 46.Nc1 Ra7 47.Rf6+ Kd7 48.Rh6 Ke8 49.e6 Be3 50.Rh3 Bf4
51.Rh4 Be3 52.Rh3 Bf4 53.Rf3 Bxh2 54.Ne2 Ra2+ 55.Kd1 Ra6 56.Re3 Bc7 57.Kd2 Ke7
58.Rh3 Rxe6 59.Rxh7+ Kd8 60.Nd4 Rg6 61.Rh5 Bf4+ 62.Ke2 Rd6 63.Rf5 Bh6 64.Rh5 Bg7
65.Nb5 Rd7 66.Ke3 Kc8 67.Rh4 Kb7 68.Rg4 Kc6 69.Nd4+ Bxd4+ 70.Kxd4 Rd6  1/2-1/2

[Event "EU-ch U12"]
[Site "Tallinn"]
[Date "1997.??.??"]
[Round "7"]
[White "Gashimov, Vugar"]
[Black "Naiditsch, Arkadij"]
[Result "0-1"]
[WhiteElo "2230"]
[BlackElo "2175"]

1.e4 c5 2.Nf3 d6 3.d4 cxd4 4.Nxd4 Nf6 5.Nc3 a6 6.Be2 e6 7.a4 Be7 8.O-O Nc6
9.Be3 O-O 10.f4 Qc7 11.Kh1 Re8 12.Bf3 Rb8 13.Qd2 Na5 14.Qf2 Nc4 15.Bc1 e5
16.Nde2 exf4 17.Nxf4 Be6  0-1

[Event "Wch U12"]
[Site "Oropesa del Mar"]
[Date "1998.??.??"]
[Round "4"]
[White "Gashimov, Vugar"]
[Black "Balogh, Csaba"]
[Result "1-0"]
[WhiteElo "2270"]
[BlackElo "2155"]

1.e4 c5 2.Nf3 d6 3.d4 cxd4 4.Nxd4 Nf6 5.Nc3 Nc6 6.Be2 e5 7.Nf3 h6 8.O-O Be6
9.h3 Be7 10.Nh2 d5 11.exd5 Nxd5 12.Nxd5 Qxd5 13.Qe1 O-O 14.c3 Bc5 15.Bf3 Qd6
16.Qe2 Rad8 17.Re1 Rfe8 18.Be3 Bxe3 19.Qxe3 Bd5 20.Be2 Qg6 21.Bf1 f5 22.Red1 Kh8
23.Qc5 Bf7 24.Nf3 Qf6 25.Bb5 e4 26.Bxc6 Rxd1+ 27.Rxd1 Qxc6 28.Qxc6 bxc6 29.Nd4 Bxa2
30.Nxf5 Bd5 31.Ra1 g6 32.Ne3 Re7 33.b4 Kg7 34.Ra6 Rc7 35.Kf1 Kf7 36.Ke2 Be6
37.Ra5 Bd5 38.Rc5 Rd7 39.c4 Be6 40.Rxc6 Rb7 41.b5 Rd7 42.Nf1 Rd4 43.Nd2 h5
44.f3 exf3+ 45.Nxf3 Bxc4+ 46.Rxc4  1-0

[Event "Wch U12"]
[Site "Oropesa del Mar"]
[Date "1998.??.??"]
[Round "9"]
[White "Grachev, Boris"]
[Black "Gashimov, Vugar"]
[Result "0-1"]
[WhiteElo "2235"]
[BlackElo "2270"]

1.e4 c5 2.Nf3 d6 3.d4 cxd4 4.Nxd4 Nf6 5.Nc3 a6 6.Be2 e6 7.O-O Be7 8.a4 O-O
9.f4 Qc7 10.Kh1 Nc6 11.Nb3 b6 12.Be3 Bb7 13.Bf3 Na5 14.Nxa5 bxa5 15.Qe1 Nd7
16.Rd1 Bf6 17.Rd3 Rfd8 18.Qf2 Bc6 19.Rfd1 Rab8 20.b3 Qb7 21.Ne2 Be7 22.Ng3 g6
23.c4 e5 24.f5 Re8 25.Qd2 Qb4 26.Qxb4 Rxb4 27.Rf1 Reb8 28.Bd1 h5 29.f6 Bf8
30.h4 R4b7 31.Bc2 Re8 32.Bd2 Nc5 33.Rdf3 Reb8 34.Bxa5 Nxb3 35.Bc7 Rxc7 36.Rxb3 Rxb3
37.Bxb3 Rb7 38.Rf3 a5 39.Bc2 Rb4 40.Rc3 Bxa4 41.Bxa4 Rxa4 42.Ne2 Ra2 43.Nc1 Rf2
44.Nd3 Re2 45.c5 dxc5 46.Nxc5 Rd2 47.Nb7 a4 48.Rc8 a3 49.Ra8 a2 50.Kh2 Kh7
51.Rxf8 a1=Q 52.Rxf7+ Kg8 53.Rg7+ Kf8 54.Nc5 Qa2 55.Nd7+ Rxd7 56.Rxd7 Qf2
57.Rd3 Qxh4+  0-1

[Event "Swidnica op"]
[Site "Swidnica"]
[Date "1999.07.03"]
[Round "6"]
[White "Agamaliev, Gamil"]
[Black "Gashimov, Vugar"]
[Result "1-0"]
[WhiteElo "2478"]
[BlackElo "2370"]

1.d4 Nf6 2.Nf3 e6 3.Bg5 h6 4.Bxf6 Qxf6 5.e4 d6 6.Nc3 Nd7 7.Qd2 c6 8.O-O-O Qd8
9.Kb1 Be7 10.h4 e5 11.g4 Qc7 12.d5 c5 13.g5 h5 14.g6 f6 15.Bh3 Nf8 16.Bf5 Bd7
17.Ne1 O-O-O 18.Ng2 Kb8 19.Ne3 Be8 20.Rhg1 Rh6 21.Rg3 Ka8 22.a4 a6 23.Nc4 Rh8
24.a5 Rb8 25.b3 Bd8 26.Kb2 Ka7 27.Qe3 Bd7 28.b4 Bxf5 29.exf5 Nd7 30.Ne4 b6
31.Ra1 bxa5 32.Nxa5 Rxb4+ 33.Kc1 Nb8 34.Qe2 c4 35.Rga3 Qb6 36.Nxc4 Qb5 37.Nexd6 Qc5
38.Qe3 Qxe3+ 39.fxe3 Be7 40.Ra4 Bxd6 41.Nxd6 Rg4 42.Nf7 Rc8 43.Rxg4 hxg4
44.Ra4  1-0

[Event "EU-ch U14"]
[Site "Litohoto"]
[Date "1999.09.03"]
[Round "1"]
[White "Gashimov, Vugar"]
[Black "Balcerak, Philipp"]
[Result "1-0"]
[WhiteElo "2426"]
[BlackElo "2046"]

1.e4 c5 2.Nf3 d6 3.d4 cxd4 4.Nxd4 Nf6 5.Nc3 a6 6.Be2 e6 7.O-O Be7 8.a4 Nc6
9.Be3 Qc7 10.Kh1 O-O 11.f4 Re8 12.Bf3 Rb8 13.g4 Nxd4 14.Bxd4 e5 15.fxe5 dxe5
16.Ba7 Ra8 17.g5 Rd8 18.Qe2 Ne8 19.Be3 Be6 20.Bg4 Bc4 21.Qf2 Bxf1 22.Rxf1 f6
23.Bb6 Qc6 24.Bxd8 Bxd8 25.Qd2 Qd6 26.Qe2 fxg5 27.Qc4+ Kh8 28.Bc8 Nf6 29.Bxb7 Rb8
30.Rd1 Qc7 31.Bc6 Rb6 32.Nd5 Qd6 33.Ne3 Qc7 34.Bd5 h5 35.b3 Qb8 36.Qe2 g4
37.Nc4 Rb4 38.Qf1 Bc7 39.Bf7 Qc8 40.Qe1 Rb7 41.Qh4 Qf8 42.Bg6 Rb4 43.Rf1 Qg8
44.Rf5 Qd8 45.Rxh5+  1-0

[Event "Wch U16"]
[Site "Oropesa del Mar"]
[Date "1999.10.27"]
[Round "4"]
[White "Gashimov, Vugar"]
[Black "Kritz, Leonid"]
[Result "1/2-1/2"]
[WhiteElo "2426"]
[BlackElo "2336"]

1.e4 e6 2.d4 d5 3.Nc3 Nf6 4.Bg5 Bb4 5.e5 h6 6.Bd2 Bxc3 7.Bxc3 Ne4 8.Bb4 c5
9.Bxc5 Nxc5 10.dxc5 Nd7 11.f4 Nxc5 12.Qd4 Qc7 13.O-O-O O-O 14.Nf3 b6 15.Kb1 Ba6
16.Bxa6 Nxa6 17.Qe3 Rac8 18.Nd4 Qc4 19.Rhe1 Nb4 20.Qb3 Qxb3 21.axb3 Nc6 22.Nb5 Rcd8
23.c4 dxc4 24.bxc4 Na5 25.Na3 Rc8 26.Re4 Rc7 27.Ka2 Rfc8 28.b3 a6 29.Rd6 Nc6
30.Kb2 Kf8 31.Nb1 Ke7 32.Nc3 Rd7 33.Rxd7+ Kxd7 34.Re3 Rd8 35.Rg3 Ke7 36.Rxg7 Rd2+
37.Kb1 Rf2 38.g3 Rf1+ 39.Kb2 Rf2+ 40.Kc1 Rxh2 41.Ne4 Kf8 42.Rh7 Nd4 43.Nf6 Nxb3+
44.Kb1 Nd2+ 45.Kc1 Nb3+ 46.Kd1 Rd2+ 47.Ke1 Rd8 48.Rxh6 Na5 49.g4 Nxc4 50.Ke2 a5
51.g5 a4 52.Rh8+ Ke7 53.Rh7 Kf8 54.Rh8+ Ke7 55.Rh7 Kf8  1/2-1/2

[Event "Wch U16"]
[Site "Oropesa del Mar"]
[Date "1999.11.02"]
[Round "9"]
[White "Sebe, Razvan"]
[Black "Gashimov, Vugar"]
[Result "0-1"]
[WhiteElo "2199"]
[BlackElo "2426"]

1.e4 c5 2.Nf3 d6 3.c3 Nf6 4.Be2 Nbd7 5.d3 b6 6.O-O Bb7 7.Nbd2 e6 8.Re1 Be7
9.Bf1 O-O 10.d4 cxd4 11.cxd4 Rc8 12.b3 d5 13.e5 Ne4 14.Nxe4 dxe4 15.Nd2 Bb4
16.Rb1 Nxe5 17.a3 Bxd2 18.Qxd2 Ng6 19.Bb2 Qd5 20.Re3 Qg5 21.Rd1 Nh4 22.Rg3 Qxd2
23.Rxd2 Nf5 24.Rc3 Rxc3 25.Bxc3 Rc8 26.Bb2 Bd5 27.b4 e3 28.fxe3 Nxe3 29.Bd3 f5
30.g3 g5 31.Ba6 Rc7 32.Be2 Kf7 33.Kf2 f4 34.gxf4 gxf4 35.Bf3 Kf6 36.Bxd5 exd5
37.Kf3 Kf5 38.Re2 Rc2 39.Rxc2 Nxc2 40.Bc3 Nxa3 41.Bd2 Nb5 42.Bxf4 Nxd4+  0-1

[Event "Wch U16"]
[Site "Oropesa del Mar"]
[Date "1999.11.04"]
[Round "10"]
[White "Gashimov, Vugar"]
[Black "Szymanski, Marcin"]
[Result "1/2-1/2"]
[WhiteElo "2426"]
[BlackElo "2327"]

1.e4 e6 2.d4 d5 3.Nc3 Bb4 4.e5 c5 5.a3 Bxc3+ 6.bxc3 Ne7 7.a4 Qa5 8.Bd2 Nbc6
9.Nf3 Bd7 10.Bb5 Qc7 11.O-O Na5 12.dxc5 Bxb5 13.axb5 Nc4 14.Bg5 Qxc5 15.Qd4 Qxd4
16.cxd4 Nc8 17.Nd2 Nxd2 18.Bxd2 Nb6 19.Ra2 Kd7 20.Bb4 a6 21.bxa6 Rxa6 22.Rb2 Nc4
23.Rb3 Ra4 24.f4 b6 25.f5 exf5 26.Rxf5 Ke6 27.Rf1 Rha8 28.h4 Ra1 29.Rg3 Rxf1+
30.Kxf1 Ra4 31.Be1 g6 32.Rf3 Ra1 33.Ke2 Rc1 34.Bb4 f5  1/2-1/2

[Event "BakuJ-A"]
[Site "Baku"]
[Date "1999.??.??"]
[Round "?"]
[White "Gashimov, Vugar"]
[Black "Bereslavsky, Mikhail"]
[Result "0-1"]
[WhiteElo "2370"]
[BlackElo "2143"]

1.e4 d6 2.d4 Nf6 3.Nc3 g6 4.Be3 c6 5.f3 Nbd7 6.Qd2 b5 7.O-O-O b4 8.Nce2 a5
9.Bh6 Qc7 10.h4 Nb6 11.Bxf8 Rxf8 12.Nf4 e5 13.dxe5 dxe5 14.Nd3 Be6 15.Qg5 Nbd7
16.Kb1 c5 17.Nf2 c4 18.f4 exf4 19.Nf3 Qc5 20.e5 Qxf2 21.exf6 b3 22.axb3 cxb3
23.Rd2 bxc2+ 24.Kc1 Qg3 25.Qb5 Rb8 26.Qc6 Qg4 27.Bc4 Rd8 28.Bxe6 fxe6 29.Rxd7 Rxd7
30.Ne5 Qd1+  0-1

[Event "Open"]
[Site "Dubai UAE"]
[Date "2000.04.29"]
[Round "2"]
[White "Kotsur,P"]
[Black "Gashimov,V"]
[Result "1-0"]
[WhiteElo "2587"]
[BlackElo "2426"]

1.e4 c5 2.Nf3 d6 3.d4 cxd4 4.Nxd4 Nf6 5.f3 e6 6.c4 Be7 7.Nc3 O-O 8.Be2 b6
9.O-O Bb7 10.Be3 a6 11.Qd2 Nbd7 12.Rfd1 Rc8 13.Rac1 Rc7 14.b4 Qa8 15.Na4 Qb8
16.Nb3 Bc6 17.Nc3 Rfc8 18.Bf4 Ne5 19.c5 bxc5 20.bxc5 Rd7 21.Bxa6 Rcd8 22.Na5 Ba8
23.Bb5 Ra7 24.cxd6 Rxa5 25.Bxe5 Bf8 26.a4 Nd7 27.Bg3 Nc5 28.Qe3 Qb6 29.Nd5 exd5
30.Qxc5 Qxc5+ 31.Rxc5 dxe4 32.Bh4 Rb8 33.Rc7 g5 34.Bxg5 exf3 35.gxf3 Bxf3
36.Rd2 h6 37.Bh4  1-0

[Event "Open"]
[Site "Dubai UAE"]
[Date "2000.05.01"]
[Round "4"]
[White "Mamedova,R"]
[Black "Gashimov,V"]
[Result "0-1"]
[WhiteElo "2323"]
[BlackElo "2426"]

1.d4 Nf6 2.c4 e6 3.Nc3 Bb4 4.e3 Bxc3+ 5.bxc3 c5 6.Bd3 Nc6 7.Nf3 d6 8.O-O O-O
9.e4 e5 10.h3 b6 11.Bg5 Qe7 12.Re1 Ba6 13.Qa4 Na5 14.Nd2 Rfc8 15.Nb3 Qd7
16.Qxd7 Nxd7 17.Nxa5 bxa5 18.Be7 Rc6 19.d5 Rb6 20.Rab1 Rab8 21.Rxb6 Rxb6
22.Rb1 Bxc4 23.Bc2 Bxa2 24.Rxb6 axb6 25.Ba4 Nf6 26.f3 Bc4 27.Bxd6 b5 28.Bxb5 Bxb5
29.Bxc5 Nd7 30.Bd6 Nb6 31.Bxe5 Nc4 32.Bf4 a4 33.Bc1 a3 34.Bxa3 Nxa3 35.Kf2 Nb1
36.Ke3 Nxc3 37.Kd4 Na4 38.e5 Kf8 39.g3 Bf1 40.h4 Bg2 41.f4 Bh3 42.Ke4 g6  0-1

[Event "Open"]
[Site "Dubai UAE"]
[Date "2000.05.02"]
[Round "5"]
[White "Gashimov,V"]
[Black "Tayeb,S"]
[Result "1-0"]
[WhiteElo "2426"]
[BlackElo "2226"]

1.e4 c5 2.Nf3 e6 3.d4 cxd4 4.Nxd4 Nf6 5.Nc3 Nc6 6.Nxc6 bxc6 7.e5 Nd5 8.Ne4 Qc7
9.f4 Qb6 10.c4 Bb4+ 11.Ke2 Ba6 12.Kf3 f5 13.exf6 Nxf6 14.c5 Qa5 15.Nxf6+ gxf6
16.Bxa6 Qxa6 17.Qd4 Qb5 18.Be3 O-O-O 19.Rhc1 e5 20.Qc4 Qb7 21.a4 a5 22.f5 d5
23.cxd6 Rxd6 24.Qe4 Rhd8 25.Rc2 Kb8 26.Ke2 Rd5 27.Qc4 Qf7 28.h3 e4 29.Qxc6 Qb7
30.Qxb7+ Kxb7 31.Rf1 Rg8 32.g4 h5 33.Rf4 hxg4 34.hxg4 Rh8 35.Rxe4 Rh2+ 36.Bf2 Bc5
37.Rf4 Bd6 38.Rfc4 Bg3 39.Kf3 Bxf2 40.Rxf2 Rd3+ 41.Ke2 Rhh3 42.Re4 Rhg3 43.g5 Rb3
44.gxf6 Rxb2+ 45.Kf1 Rb1+ 46.Re1 Rb6 47.f7  1-0

[Event "Open"]
[Site "Dubai UAE"]
[Date "2000.05.05"]
[Round "7"]
[White "Sofieva,A"]
[Black "Gashimov,V"]
[Result "0-1"]
[WhiteElo "2345"]
[BlackElo "2426"]

1.e4 c5 2.Nf3 d6 3.d3 Nc6 4.g3 g6 5.Bg2 Bg7 6.O-O e6 7.c3 Nge7 8.d4 O-O 9.dxc5 dxc5
10.Bf4 e5 11.Be3 b6 12.Qc2 h6 13.Rd1 Qc7 14.Na3 a6 15.Nc4 Be6 16.Nfd2 f5
17.f4 fxe4 18.Nxe5 Nxe5 19.fxe5 Nf5 20.Qxe4 Rad8 21.Nc4 Nxe3 22.Nxe3 Qxe5
23.Qxe5 Bxe5 24.Nd5 Rd6 25.Ne7+ Kg7 26.Nc6 Rxd1+ 27.Rxd1 Bc7 28.Ne7 b5 29.Nd5 Rd8
30.Kf2 Bf7 31.b3 Be5 32.c4 bxc4 33.bxc4 Rb8 34.Rd2 Rb1 35.Be4 Rc1 36.Rc2 Bd4+
37.Ke2 Ra1 38.Kd3 a5 39.Nc3 Re1 40.Bd5 Be8 41.Ne2 Be5 42.Rc1 Rxc1 43.Nxc1 a4
44.Ke4 Kf6 45.Nd3 Bd4 46.Nf4 Bd7 47.Bg8 g5 48.Nd5+ Kg7 49.Nb6 Bh3 50.Bd5 a3
51.Kf3 Kf6 52.g4 Bf1 53.Nd7+ Ke7 54.Nb8 Kd6 55.Nc6 Bb2 56.Nd8 Bd3 57.Ke3 Bb1
58.Kd2 Ke5 59.Nf7+ Kd4 60.Nxh6 Bc3+ 61.Ke2 Ba5 62.Nf5+ Kc3 63.Nd6 Bxa2 64.Nb5+ Kb2
65.h4 gxh4 66.g5 Bb1  0-1

[Event "Open"]
[Site "Dubai UAE"]
[Date "2000.05.06"]
[Round "8"]
[White "Gashimov,V"]
[Black "Shariyazdanov,A"]
[Result "0-1"]
[WhiteElo "2426"]
[BlackElo "2612"]

1.c4 e5 2.Nc3 Nc6 3.g3 g6 4.Bg2 Bg7 5.Nf3 d6 6.O-O f5 7.d3 Nf6 8.Rb1 O-O
9.b4 h6 10.b5 Ne7 11.a4 Be6 12.a5 Rb8 13.Be3 b6 14.axb6 axb6 15.Bd2 g5 16.Ne1 f4
17.Nc2 Qd7 18.Nb4 Bh3 19.Nc6 Bxg2 20.Nxe7+ Qxe7 21.Kxg2 e4 22.dxe4 Nxe4 23.Nd5 Qe5
24.Be1 fxg3 25.hxg3 Rf7 26.f3 Re8 27.Rb3 Nc5 28.Re3 Qxe3 29.Nxe3 Rxe3 30.Bf2 Re8
31.Re1 Rfe7 32.Qd5+ Kh8 33.Qd2 Re6 34.Kf1 Kh7 35.Bd4 Bxd4 36.Qxd4 Re3 37.Qf6 R8e7
38.Qf8 Nb3 39.Kf2 Nc5 40.Kg1 Nd7 41.Qd8 Nc5 42.Qf8 Nd7 43.Qf5+ Kg7 44.Kf2 Nc5
45.Kf1 R7e5 46.Qc8 Re7 47.Qg4 Kg6 48.Qd4 R7e5 49.Kg1 h5 50.Kh1 Kh6 51.Kg1 Kh7
52.Qd2 Kg6 53.Qc2+ Kh6 54.Qd2 Kg7 55.Qd4 Kg6 56.Kh1 Ne6 57.Qd2 Ng7 58.Kg1 Nf5
59.Kf2 g4 60.Rg1 Kf7 61.Rg2 h4 62.f4 Rxe2+ 63.Qxe2 Rxe2+ 64.Kxe2 h3 65.Rh2 Nxg3+
66.Kf2 Ne4+ 67.Kg1 Kf6 68.Rb2 g3  0-1

[Event "EuYCh B14"]
[Site "Halkidiki GRE"]
[Date "2000.10.02"]
[Round "1"]
[White "Gashimov,V"]
[Black "Skurski,J"]
[Result "1/2-1/2"]
[WhiteElo "2407"]
[BlackElo "2069"]

1.e4 e5 2.Nf3 Nc6 3.d4 exd4 4.Nxd4 Nxd4 5.Qxd4 Ne7 6.Bc4 Nc6 7.Qd5 Qe7 8.O-O d6
9.Qd1 Be6 10.Bb5 Bd7 11.Nc3 O-O-O 12.Re1 Ne5 13.Bxd7+ Qxd7 14.a4 g6 15.a5 Bg7
16.a6 b6 17.h3 f5 18.f4 Nf7 19.Qd3 Bxc3 20.Qxc3 Rhe8 21.exf5 Rxe1+ 22.Qxe1 Qxf5
23.Qe2 d5 24.Ra3 Nd6 25.Rd3 Qe4 26.Qxe4 Nxe4 27.Rf3 Nc5 28.f5 gxf5 29.Rxf5 Nxa6
30.Bg5 Rd7 31.g4 Nc5 32.h4 Ne6 33.Bf6 Rf7 34.g5 c6 35.Kg2 Kd7 36.Kg3 Nc5
37.Kf4 Ne4 38.Be5 Ke6 39.Rxf7 Kxf7 40.h5 Nf2 41.Bb8 a6 42.Ba7 d4 43.Bxb6 d3
44.cxd3 Nxd3+ 45.Kf5 Nxb2 46.g6+ hxg6+ 47.hxg6+ Kg8 48.Ke6 Kg7 49.Bd4+ Kxg6
50.Bxb2 a5  1/2-1/2

[Event "EuYCh B14"]
[Site "Halkidiki GRE"]
[Date "2000.10.09"]
[Round "8"]
[White "Erwich,M"]
[Black "Gashimov,V"]
[Result "1/2-1/2"]
[WhiteElo "2205"]
[BlackElo "2407"]

1.e4 c5 2.Nf3 d6 3.d4 cxd4 4.Nxd4 Nf6 5.Nc3 a6 6.Be2 e6 7.O-O b5 8.Bf3 Ra7
9.Qe2 Be7 10.Be3 Rd7 11.e5 dxe5 12.Nc6 Qc7 13.Nxb8 Qxb8 14.Bc6 b4 15.Nb1 O-O
16.Bxd7 Bxd7 17.c4 Bc6 18.Nd2 a5 19.Rfd1 Nd7 20.f3 f5 21.Bf2 Qc7 22.Rac1 Rf6
23.Bh4 Bc5+ 24.Bf2 Bf8 25.c5 Rg6 26.Kh1 Be7 27.Bg3 Rh6 28.Nc4 f4 29.Be1 e4
30.fxe4 Nxc5 31.Nd2 Qb7 32.e5 Rg6 33.Nf3 Bb5 34.Qc2 Bf1 35.Bg3 Bxg2+ 36.Kxg2 fxg3
37.h3 Rg5 38.Qe2 Rf5 39.Rd4 h6 40.Rdc4 Qd5 41.Rd1 Qa8 42.Rdc1 Qd5 43.Rd1 Qa8
44.Rdc1 Qd5  1/2-1/2

[Event "EYCC B18"]
[Site "Halkidiki GRE"]
[Date "2001.08.31"]
[Round "1"]
[White "Gashimov,V"]
[Black "Mihailidis,A"]
[Result "1-0"]
[WhiteElo "2406"]
[BlackElo "2146"]

1.e4 e5 2.Nf3 Nc6 3.d4 exd4 4.Nxd4 Nf6 5.Nxc6 bxc6 6.e5 Qe7 7.Qe2 Nd5 8.c4 Ba6
9.b3 g6 10.g3 Bg7 11.Bb2 O-O 12.Bg2 Rae8 13.O-O Bxe5 14.Bxe5 Qxe5 15.Qxe5 Rxe5
16.cxd5 Bxf1 17.Kxf1 cxd5 18.Nc3 c6 19.Na4 Kg7 20.Nc5 Rd8 21.Rc1 Kf6 22.Bh3 Re7
23.Nd3 h5 24.Bg2 Rde8 25.Bf3 Ke6 26.Rc5 Kd6 27.Ra5 Ra8 28.Ra6 Kc7 29.b4 Ree8
30.a3 Reb8 31.Ne5 Rb5 32.Be2 Rb6 33.Ra5 Rb7 34.Nxf7 d6 35.Ba6 Rbb8 36.Bd3 Rg8
37.Ra6 Rg7 38.Ng5 Kb7 39.Ne6 Rgg8 40.b5 Rac8 41.bxc6+ Rxc6 42.Ra5 Rc3 43.Rxd5 Rxa3
44.Rxd6 a5 45.Be4+ Kc8 46.Bd5 Re8 47.Ra6 Rc3 48.Ra8+ Kd7 49.Nf8+  1-0

[Event "EYCC B18"]
[Site "Halkidiki GRE"]
[Date "2001.09.01"]
[Round "2"]
[White "Jirka,J"]
[Black "Gashimov,V"]
[Result "0-1"]
[WhiteElo "2292"]
[BlackElo "2406"]

1.d4 Nf6 2.g3 d5 3.Nf3 Bf5 4.c4 e6 5.Nc3 c6 6.Qb3 Qb6 7.c5 Qxb3 8.axb3 h6
9.b4 Ne4 10.Nd2 Nxd2 11.Bxd2 Nd7 12.f3 Bg6 13.e4 dxe4 14.fxe4 Nf6 15.Bg2 O-O-O
16.Rxa7 Rxd4 17.Ra8+ Kd7 18.Be3 Rxb4 19.O-O Bh5 20.Rf2 Ng4 21.Rd2+ Ke7 22.Bf4 Kf6
23.Kh1 g5 24.Bc7 Bg7 25.Bd8+ Kg6 26.Ra1 Rxb2  0-1

[Event "EYCC B18"]
[Site "Halkidiki GRE"]
[Date "2001.09.06"]
[Round "6"]
[White "Kritz,L"]
[Black "Gashimov,V"]
[Result "0-1"]
[WhiteElo "2423"]
[BlackElo "2406"]

1.d4 Nf6 2.c4 e6 3.Nc3 Bb4 4.e3 b6 5.Bd3 Bb7 6.f3 c5 7.a3 Bxc3+ 8.bxc3 Nc6
9.Ne2 Na5 10.e4 d6 11.Ng3 O-O 12.Be3 Ba6 13.Qe2 Qd7 14.O-O cxd4 15.cxd4 Rfc8
16.Rac1 Qa4 17.c5 Bxd3 18.Qxd3 bxc5 19.dxc5 d5 20.Bg5 dxe4 21.fxe4 Nd7 22.Be7 Nb3
23.Rcd1 Nbxc5 24.Qe3 Qc6 25.Qg5 h6 26.Qh5 f6 27.Bxf6 Nxf6 28.Rxf6 Qb7 29.Rf4 Qb6
30.Kh1 Rf8 31.Rxf8+ Rxf8 32.h3 Qb3 33.Kh2 Nd3 34.Rf1 Rxf1 35.Nxf1 Qb8+ 36.Ng3 Nf4
37.Qf3 Qe5 38.Kh1 Qa1+ 39.Kh2 Qe5 40.Kh1 a5 41.a4 Kh7 42.Kg1 Ng6 43.Kh2 Qd4
44.Nh5 Qe5+ 45.Ng3 Ne7 46.h4 Nc8 47.Qg4 Nd6 48.h5 Qf6 49.e5 Qxe5 50.Qg6+ Kg8
51.Kh1 Kf8 52.Qd3 Ke7 53.Qg6 Qa1+ 54.Kh2 Qd4 55.Kh1 Ne8 56.Ne4 Qxa4 57.Qg4 Qa1+
58.Kh2 Qe5+ 59.g3 a4 60.Qf3 Qb2+ 61.Kh3 a3 62.Nc5 a2 63.Qc6 Qe5 64.Qd7+ Kf8
65.Nxe6+ Qxe6+ 66.Qxe6 a1=Q 67.g4 Qf6 68.Qd5 Qf1+ 69.Kg3 Qg1+ 70.Kh3 Qxg4+  0-1

[Event "EYCC B18"]
[Site "Halkidiki GRE"]
[Date "2001.09.09"]
[Round "9"]
[White "Gashimov,V"]
[Black "Drozdovskij,Y"]
[Result "1-0"]
[WhiteElo "2406"]
[BlackElo "2452"]

1.e4 e6 2.d4 d5 3.exd5 exd5 4.Bd3 c5 5.dxc5 Bxc5 6.Nf3 Nf6 7.O-O O-O 8.Nbd2 Nc6
9.a3 Bb6 10.Re1 Ng4 11.Rf1 Qd6 12.Nb3 Nce5 13.g3 Nxf3+ 14.Qxf3 Ne5 15.Qf4 f6
16.Be3 d4 17.Bd2 a5 18.h4 Bd7 19.Be4 Bc6 20.Rad1 d3 21.Be3 Bxe4 22.Qxe4 f5
23.Qf4 Qd5 24.Bxb6 Nf3+ 25.Kh1 Nd2+ 26.Kg1 Nf3+ 27.Kh1 Nd2+ 28.Kg1 Nxf1 29.Rxd3 Qe6
30.Rd6 Qe1 31.Qc4+ Kh8 32.Qxf1 Qe5 33.Qd1 f4 34.Bd4 Qe7 35.Qg4 fxg3 36.Qxg3 Rf7
37.Nc5 Qe1+ 38.Kg2 Raf8 39.Ne6 Qe4+ 40.Kh2 Rg8 41.Ng5  1-0

[Event "5th Open"]
[Site "Dubai UAE"]
[Date "2003.04.20"]
[Round "1"]
[White "Abdul,Maj"]
[Black "Gashimov,V"]
[Result "0-1"]
[WhiteElo "2270"]
[BlackElo "2579"]

1.e4 c5 2.d3 d5 3.Nd2 Nc6 4.g3 e5 5.Bg2 Nge7 6.Ngf3 d4 7.O-O Ng6 8.a4 h5
9.h4 Bg4 10.Nc4 Be7 11.Qd2 Qd7 12.Na5 Rc8 13.Nh2 Bh3 14.Bxh3 Qxh3 15.Nxb7 c4
16.Qe1 Qd7 17.Na5 Bb4  0-1

[Event "5th Open"]
[Site "Dubai UAE"]
[Date "2003.04.22"]
[Round "3"]
[White "Sargissian,G"]
[Black "Gashimov,V"]
[Result "1/2-1/2"]
[WhiteElo "2572"]
[BlackElo "2579"]

1.Nf3 c5 2.c4 g6 3.d4 Bg7 4.d5 e5 5.e4 d6 6.Nc3 Ne7 7.Be2 O-O 8.O-O h6 9.Ne1 f5
10.Nd3 f4 11.b4 b6 12.bxc5 bxc5 13.Ba3 Rf7 14.Nb5 Na6 15.Bg4 Kh7 16.f3 Bxg4
17.fxg4 Nc8 18.Bc1 Nc7 19.a4 a6 20.Nxc7 Rxc7 21.Bd2 Rb7 22.Qc2 Qd7 23.h3 Rab8
24.a5 Ne7 25.Bc3 Ng8 26.Ra3 Nf6 27.Nf2 g5 28.Rc1 h5 29.gxh5 g4 30.Nxg4 Nxg4
31.hxg4 Qxg4 32.Qd1 Qxd1+ 33.Rxd1 Bf6 34.g3 Rb3 35.Be1 Kh6 36.gxf4 exf4 37.Bd2 Be5
38.Rf1 Kg5 39.h6 Rh3 40.Kg2 Rxh6 41.Rff3 Kg4 42.Rg3+ fxg3 43.Bxh6 Bf4 44.Bg7 Bd2
45.Bf8 Bf4 46.Bg7 Bd2  1/2-1/2

[Event "6th Open"]
[Site "Dubai UAE"]
[Date "2004.04.28"]
[Round "9"]
[White "Gashimov,V"]
[Black "Ramesh,R"]
[Result "1-0"]
[WhiteElo "2565"]
[BlackElo "2493"]

1.e4 e5 2.Nf3 Nc6 3.Bb5 a6 4.Ba4 Nf6 5.d4 exd4 6.O-O Be7 7.e5 Ne4 8.Nxd4 O-O
9.Nf5 d5 10.Bxc6 bxc6 11.Nxe7+ Qxe7 12.Re1 Rb8 13.f3 Nc5 14.b3 Ne6 15.Ba3 c5
16.Nc3 Rd8 17.Qd2 Qh4 18.Rad1 Bb7 19.Na4 c4 20.Nc5 Nxc5 21.Bxc5 cxb3 22.axb3 Bc8
23.Ra1 Rb5 24.Ra4 Qh5 25.Bf2 Qg6 26.Qc3 Bh3 27.g4 c5 28.e6 d4 29.Qc4 Rb6
30.e7 Re8 31.Qxc5 h5 32.Rxd4 Rc6 33.Rd8 Rxc5 34.Rxe8+ Kh7 35.Rh8+  1-0